000
00340 a2200157 4500
001
59834
020
_a
9788576768302
040
_c
Anchieta - Pituba
100
_a
Stine, R. L.
240
1
0
_a
Goosebumps Horroland
_l
por
245
1
0
_a
Goosebumps Horroland
300
_a
109
362
0
_a
2011
650
4
_a
Literatura juvenil
942
_c
BK
999
_c
59834
_d
59834